000 00329nam a2200133Ia 4500
005 20260328101518.0
008 260328s9999||||xx |||||||||||||| ||und||
100 _aBenedetti, Mario
245 0 _aLa Casa y el ladrillo /
_cMario Benedetti
260 _bSiglo Veintiuno
300 _a138 p.
650 _aARQUITECTURA
942 _cBK
999 _c9486
_d9486